000 00738nam a22002057a 4500
005 20260219113954.0
008 260219b |||||||| |||| 00| 0 eng d
020 _a9789387791947
040 _cVITAP
082 _223
_a934.023 SUB
100 _aSubramanian, T.S
_917145
245 _aThe Epic Saga of the CHOLAS
_b: Their Art, Temples and Heritage
_c/ T.S. Subramanian
250 _a2nd
260 _aChennai
_bTHG Publishing Pvt Ltd.
_c2025
300 _a428p, ill.: 30cm
500 _ait include references pages
650 0 _aOrigin of the Cholas, Important Chola Rulers, Administration & Governance, Art & Architecture, Famous Temples, Religion & Culture etc.
_917146
700 _aKirubanidhi, K Ed.
_917147
942 _2ddc
_cREF
999 _c47302
_d47302